| Tag |
First Indicator |
Second Indicator |
Subfields |
| LEADER |
00000cgm a2200000 a 4500 |
| 001 |
in00001494841 |
| 005 |
20151021084807.0 |
| 007 |
vf cbahou |
| 008 |
970108s1996 nyu078 e vleng d |
| 035 |
|
|
|a (OCoLC)36172253
|
| 035 |
|
|
|9 AJJ7950AM
|
| 040 |
|
|
|a LEY
|c LEY
|d GZI
|d UIU
|d IBI
|d TXI
|d TXA
|d UtOrBLW
|
| 043 |
|
|
|a n-us---
|
| 049 |
|
|
|a TXAM
|
| 090 |
|
|
|a LC192.6
|b .I87 1996
|
| 092 |
0 |
|
|a 372.8304
|b It1
|2 21
|
| 245 |
0 |
0 |
|a It's elementary :
|b talking about gay issues in school /
|c Women's Educational Media ; produced by Helen S. Cohen and Debra Chasnoff ; directed by Debra Chasnoff.
|
| 246 |
3 |
0 |
|a Talking about gay issues in school
|
| 264 |
|
1 |
|a New York, N.Y. :
|b New Day Films,
|c [1996]
|
| 264 |
|
4 |
|c ©1996
|
| 300 |
|
|
|a 1 videocassette (approximately 1 hr., 18 min.) :
|b sound, color ;
|c 1/2 in. +
|e 1 viewing guide (28 pages : illustrations ; 22 cm.)
|
| 336 |
|
|
|a two-dimensional moving image
|b tdi
|2 rdacontent
|
| 337 |
|
|
|a video
|b v
|2 rdamedia
|
| 338 |
|
|
|a videocassette
|b vf
|2 rdacarrier
|
| 538 |
|
|
|a VHS.
|
| 546 |
|
|
|a Closed-captioned.
|
| 511 |
0 |
|
|a Teachers: Bisse Bowman, Kate Lyman and Kim Coates.
|
| 508 |
|
|
|a Cinematography, Fawn Yacker and Stephen McCarthy ; editor, Shirley Thompson ; music, Jon Herbst.
|
| 520 |
|
|
|a An exploration of what happens when experienced teachers talk to their students about lesbians and gay men. Students are asked to consider issues related to homosexuality at six elementary and middle schools. Presents footage of classroom activities and discussions with students exploring questions and issues presented to them by teachers and guest lecturers who come into their classes. Discusses school-wide presentations, activity-days and how these events affect faculty, parents and teachers.
|
| 500 |
|
|
|a Videorecording.
|
| 650 |
|
0 |
|a Homosexuality and education
|z United States.
|
| 655 |
|
7 |
|a Educational films.
|2 lcgft
|
| 655 |
|
7 |
|a Video recordings for the hearing impaired.
|2 lcgft
|
| 700 |
1 |
|
|a Chasnoff, Debra,
|d 1957-
|
| 710 |
2 |
|
|a Women's Educational Media, Inc.
|
| 710 |
2 |
|
|a New Day Films.
|
| 948 |
|
|
|a c:dm
|
| 999 |
|
|
|a MARS
|
| 999 |
f |
f |
|s 356e5054-5bd0-3706-b10e-7fb2d0352a6a
|i d29b8c4f-3177-3383-9d44-dee07e5e5f49
|t 0
|
| 952 |
f |
f |
|p ric
|a Texas A&M University
|b Rellis Campus
|c Joint Library Facility
|d Remote Storage
|t 0
|e LC192.6 .I87 1996
|h Library of Congress classification
|i video -- videocassette
|m A14825171938
|
| 952 |
f |
f |
|p ric
|a Texas A&M University
|b Rellis Campus
|c Joint Library Facility
|d Remote Storage
|t 0
|e LC192.6 .I87 1996
|h Library of Congress classification
|i video -- videocassette
|k viewing guide
|m A14833527672
|
| 998 |
f |
f |
|a LC192.6 .I87 1996
|t 0
|l Remote Storage
|